Match the Wrestling Nickname to the Wrestler - Statistics

General Stats
  • This quiz has been taken 149 times
  • The average score is 31 of 41
Answer Stats
Hint Answer % Correct
The Heartbreak Kid Shawn Michaels
91%
The Big Red Machine Kane
90%
The Viper Randy Orton
88%
The Game Triple H
88%
The Nature Boy Ric Flair
87%
The Deadman The Undertaker
87%
The Hitman Bret Hart
86%
The American Nightmare Cody Rhodes
86%
Latino Heat Eddie Guerrero
86%
Cactus Jack Mick Foley
86%
The Texas Rattlesnake Stone Cold Steve Austin
86%
The Phenomenal One AJ Styles
85%
The World’s Strongest Man Mark Henry
85%
Mankind Mick Foley
85%
The Rated-R Superstar Edge
84%
The Legend Killer Randy Orton
84%
The People's Champion The Rock
84%
Dude Love Mick Foley
83%
The Beast Incarnate Brock Lesnar
80%
Doctor Of Thuganomics John Cena
80%
The Animal Batista
79%
Apex Predator Randy Orton
78%
The Big Dog Roman Reigns
76%
The King of Kings Triple H
76%
The Monster Among Men Braun Strowman
74%
The Most Electrifying Man in Sports Entertainment The Rock
73%
The Brahma Bull The Rock
72%
The Cerebral Assassin Triple H
71%
The Glamazon Beth Phoenix
70%
The Billion Dollar Princess Stephanie McMahon
70%
The Devil's Favourite Demon Kane
68%
The Showoff Dolph Ziggler
64%
The Bad Guy Scott Hall
64%
The Man That Gravity Forgot Adrian Neville
63%
The Eighth Wonder of the World André the Giant
63%
The Straight Edge Superstar CM Punk
63%
The Best There Is, The Best There Was And The Best There Ever Will Be Bret Hart
61%
The Ninth Wonder of the World Chyna
53%
The Ayatollah of Rock ’N’ Rolla Chris Jericho
49%
The One in 22–1 Brock Lesnar
46%
Big Evil The Undertaker
29%
No matching quizzes found
Score Distribution
Percent of People with Each Score
Percentile by Number Answered
Your Score History
You have not taken this quiz